Statystyki dla Zwycięzcy Major'ów w CS:GO

Kliknij tutaj aby rozwiązać quiz!

Ogólne statystyki

  • Ten quiz został rozwiązany 107 razy
    (78 od ostatniego zresetowania)
  • Średni wynik to 13 z 19

Statystyki odpowiedzi

RokMiejsceZwycięzca% Poprawnych
KatowiceVirtus.pro
100%
AtlantaAstralis
95%
2019BerlinAstralis
95%
KatowiceAstralis
95%
2018LondynAstralis
95%
KoloniaFnatic
86%
KatowiceFnatic
86%
2013JönköpingFnatic
86%
2021SztokholmNatus Vincere
82%
2023ParyżVitality
82%
AntwerpiaFaZe Clan
75%
BostonCloud9
72%
KoloniaNinjas in Pyjamas
61%
2022RioOutsiders
54%
2017KrakówGambit Esport
51%
2016KoloniaSK Gaming
49%
ColumbusLuminosity Gaming
35%
2015Kluż-NapokaTeam EnVyUs
25%
2014JönköpingTeam LDLC.com
5%

Rozkład punktacji

Percentyl według liczby udzielonych odpowiedzi

Procent ludzi z każdym wynikiem

Twoja historia wyników

Nie rozwiązałeś tego quizu od ostatniego zresetowania